Freitag, Gabriele. Zwangsarbeiter im Lipper Land. - Bochum : Winkler. - 1996 [Rezension]

Titel: Freitag, Gabriele. Zwangsarbeiter im Lipper Land. - Bochum : Winkler. - 1996 [Rezension]
Verfasser:
In: Westfälische Forschungen, Band 47 (1997), Seite 848-850
alle Artikel anzeigen
Veröffentlicht: 1997
Format: Aufsatz
Sprache: Deutsch
Kein Bild verfügbar
X
alg: 39473128
001A    $01999:12-11-16 
001B    $06050:02-02-26 $t12:42:15.000 
001D    $01999:12-11-16 
001U    $0utf8 
001X    $00 
002@    $0Aox 
003@    $039473128X 
007A    $039473128X $aHEB 
007T    $0Herd65332 
010@    $ager 
011@    $a1997 
021A    $aFreitag, Gabriele. Zwangsarbeiter im Lipper Land. - Bochum : Winkler. -  1996 [Rezension] 
028A    $aSchröder $dStefan 
031A    $d47 $h848-850 $j1997 
039B    $aIn $8--Abvc--. Westfälische Forschungen. - Münster : Aschendorffsche Verlagsbuchhandlung GmbH $ Co., 1938-. - ISSN 0083-9027 $x199700000470000152 $9046836233 
039T    $8--Aau--Freitag, Gabriele$Z1938- [Tp3]. Zwangsarbeiter im Lipper Land. - Bochum : Winkler, 1996. - 124 S.. - Kt.. - ISBN 3-924517-48-7 $905097906X 
045F    $a900.9437 $eDDC23BSB 
045F/01 $a900 
045F/03 $g437 
045T    $a7,20 $a8,1 $a1 
045T    $aGER $qDE-30 $2FID 
045T    $aTHEO $qDE-21 $2FID 

lok: 39473128 78

exp: 39473128 78 1 #EPN
201B/01 $018-11-16 $t12:32:48.000 
201U/01 $0utf8 
203@/01 $0791029883 
208@/01 $a12-11-16 $be 
209A/01 $a/ $f000 $x00 
220C/01 $aTitelaufnehmer: cs 
244Z/01 $2Trx $#Kesk- ja Ida- Euroopa kontseptsioonid $#Vidurio Europos koncepcijos $#East-Central Europe $#Keletközépeurópa-eszmék $#Europa Środkowo-Wschodnia koncepcje $#Európa stredovýchodná koncepcie $#Evropa střední, východní část koncepce $#Mitteleuropa $#Osteuropakonzeptionen $#Europa Środkowa koncepcje $#Stredná Európa koncepcie $#Střední Europa koncepce $8--Trx--Ostmitteleuropakonzeptionen $x01 $9391364286 
244Z/01 $2Trx $#arvustused $#recenzijos $#Reviews $#recenziók $#recenzje $#recenzie $#recenze $8--Trx--Rezensionen $x02 $9391357441 
247C/01 $82080>Marburg/Lahn, Herder-Institut, Forschungsbibliothek, Bibliographieportal $9336309341
LEADER 00000caa a22000002c 4500
001 39473128X
003 DE-603
005 20260202124215.0
007 tu
008 161112s1997 xx |||| | u00||u|ger c
035 |a (DE-599)HEB39473128X 
040 |a DE-603  |b ger  |c DE-603  |d DE-603 
041 |a ger 
082 0 4 |8 1\u  |a 900.9437  |q DE-101  |2 23/BSB 
084 |a 7,20  |a 8,1  |a 1  |2 ssgn 
084 |a GER  |q DE-30  |2 fid 
084 |a THEO  |q DE-21  |2 fid 
085 |8 1\u  |b 900 
085 |8 1\u  |z 2  |s 437 
100 1 |a Schröder, Stefan 
245 0 0 |a Freitag, Gabriele. Zwangsarbeiter im Lipper Land. - Bochum : Winkler. - 1996 [Rezension] 
264 0 |c 1997 
773 0 8 |i In  |t Westfälische Forschungen  |d Münster : Aschendorffsche Verlagsbuchhandlung GmbH $ Co., 1938-  |x 0083-9027  |g Band 47 (1997), Seite 848-850  |w (DE-603)046836233  |w (DE-600)2077-1 
787 0 8 |i Rezension von  |a Freitag, Gabriele, 1938-  |t Zwangsarbeiter im Lipper Land  |d Bochum : Winkler, 1996  |h 124 S., Kt.  |z 3924517487  |z 3924517495  |w (DE-603)05097906X 
924 0 |9 2080  |a (DE-603)791029883  |b DE-2080  |c HES  |d d  |g /